000 02221cam a22005534i 4500
003 PE-LiUPU
005 20250731165352.0
008 150617s r 000 0 d
020 _a8450010748
035 _a(Sirsi) i9788450010749
040 _aPE-LiUPU
_bspa
_cPE-LiUPU
_erda
049 _aPRUA
082 0 4 _a020.8
_bB
_221
100 1 _aEscolar Sobrino, Hipólito,
_eautor.
245 1 0 _aHistoria Social del Libro /
_cHipólito Escolar Sobrino.
264 1 _aMadrid :
_bGráficas cóndor,
_c1974.
300 _a159 páginas ;
_c18 centímetros.
336 _atext
_2rdacontent
337 _aunmediated
_2rdamedia
338 _avolume
_2rdacarrier
490 0 _aBiblioteca Profesional de AnabaI. Cuadernos ;
_v3
504 _aIncluye bibliografía.
505 0 _aEl cuadro histórico -- Desciframiento y excavaciones -- El sistema de Escritura -- El rollo de papiro -- La ilustración -- El escriba -- Literatura funeral -- Literatura moral -- Literatura narrativa -- Poesía.-El pensamiento científico -- Características principales -- Supervivencia -- Esbozo cronológico -- Bibliografía -- Indice analítico.
526 _aSEG44
526 _aSEG26
526 _aP151
526 _aP150
526 _aP149
526 _aP146
526 _aP145
526 _aP126
526 _aP125
526 _aP92
526 _aP75
526 _aP74
526 _aP27
526 _aP15
650 0 4 _aLibro
_xHistoria.
910 _ajck
_bjvq
_cjck
_d20150616
942 _2ddc
_cBOOK
949 _a020.8 B
_wDEWEY
_c1
_i31142
_lCCODEBUL1
_mBUL
_r0
_sY
_tBOOK
_u2015-6-17
_xEDUCACION
_zUNKNOWN
_0COMPRA
_o.STAFF. Colección General
949 _a020.8 B
_wDEWEY
_c2
_i31141
_lCCODEBUL1
_mBUL
_r0
_sY
_tBOOK
_u2015-6-17
_xEDUCACION
_zUNKNOWN
_0COMPRA
_o.STAFF. Colección General
994 _aC0
_bPEPRU
596 _a1
999 _a020.8 B
_wDEWEY
_c1327
_i31142
_f2021-11-4
_g5
_lCCODEBUL1
_mBUL
_r0
_sY
_tBOOK
_u2015-6-17
_xBIBLIOTECA
_zUNKNOWN
_0COMPRA
_o.STAFF. Colección General
_d1327
999 _a020.8 B
_wDEWEY
_c2
_i31141
_f2021-11-4
_g5
_lCCODEBUL1
_mBUL
_r0
_sY
_tBOOK
_u2015-6-17
_xBIBLIOTECA
_zUNKNOWN
_0COMPRA
_o.STAFF. Colección General
980 _81
_gALBERTO SANCHEZ Responsable de Automatización